Podivuhodné příhody Robinsonovy na pustém ostrově /

Hlavní autor: Gräbner, Gustav Adolf
Další autoři: Defoe, Daniel, asi 1661-1731.
Jazyk: Čeština
Vydáno: V Praze-Karlíně : Zora, společnost s r.o., nakladatelství, umělecký závod, [1932]
Vydání: Páté opravené vydání
Edice: Naše besídka
Témata:
Fyzický popis: 155 stran : ilustrace ; 22 cm
Knihy
Uloženo v:
LEADER 01856nam a22004812i 4500
001 000262338
003 CZ BrMZK
005 20260317152829.0
007 ta
008 950101s1932 xr a f cze d
015 |a cnb003627427 
020 |q (Vázáno) 
040 |a ABA001  |b cze  |d BOA001  |e rda 
041 1 |a cze  |h ger 
072 7 |a 821.112.2-3  |x Německá próza, německy psaná  |2 Konspekt  |9 25 
080 |a 821.112.2-32  |2 MRF 
080 |a 821-1/-8(0.046.6)  |2 MRF 
080 |a 821.111-31  |2 MRF 
080 |a (0:82-321.3)  |2 MRF 
080 |a 821-1/-8(0.046.6)  |2 MRF 
100 1 |a Gräbner, Gustav Adolf  |7 jx20070903011  |4 aut 
245 1 0 |a Podivuhodné příhody Robinsonovy na pustém ostrově /  |c (dle zpracování Gräbnerova) 
246 1 4 |a Robinson Crusoe 
250 |a Páté opravené vydání 
264 1 |a V Praze-Karlíně :  |b Zora, společnost s r.o., nakladatelství, umělecký závod,  |c [1932] 
300 |a 155 stran :  |b ilustrace ;  |c 22 cm 
336 |a text  |b txt  |2 rdacontent 
337 |a bez média  |b n  |2 rdamedia 
338 |a svazek  |b nc  |2 rdacarrier 
490 1 |a Naše besídka ;  |v sv. 1[b] 
500 |a Přeloženo z němčiny? 
655 7 |a německé příběhy  |7 fd132944  |2 czenas 
655 7 |a dobrodružné příběhy  |7 fd132060  |2 czenas 
655 7 |a anglické romány  |7 fd131814  |2 czenas 
655 7 |a literární adaptace  |7 fd119387  |2 czenas 
700 1 |i Adaptace díla:  |a Defoe, Daniel,  |d asi 1661-1731.  |t Robinson Crusoe  |7 aun2007419931 
787 0 8 |i Příloha časopisu:  |t Časopis Vincentina,  |g č. 1 
830 0 |a Naše besídka  |0 s 
910 |a BOA001  |b 2-0139.794,1b 
990 |a BK 
991 |b 202603 
996 6 |b 2619888638  |c 2-0139.794,1b  |l MZK  |r Sklad / do 24 hodin  |n 4  |w 000262338  |u 000010  |a 1  |e BOA001  |j MZK50  |s P 
996 6 |b 2619888639  |c 2-0139.794,1b  |l MZK  |r Sklad / do 24 hodin  |n 0  |w 000262338  |u 000020  |a 1  |e BOA001  |j MZK50  |s P